| 000 | 00602nam a22001577a 4500 | ||
|---|---|---|---|
| 008 | 160608b xxu||||| |||| 00| 0 eng d | ||
| 020 | _a1000011622 | ||
| 040 |
_aKABU _cKABU |
||
| 050 |
_aMT85 _b.W63 2012 c. 1 |
||
| 100 | _aWodell, Frederick William | ||
| 245 |
_aChoir and chorus conducting _ba treatise on the organization, management, training, and conducting of choirs and choral societies _cby Frederick William Wodell |
||
| 260 |
_aPhiladelphia _bTheodore presser _c1901 |
||
| 300 | _a177 p. | ||
| 650 |
_aMusic _xPerforming arts |
||
| 942 |
_2lcc _cBK _hMT85 .W63 2012 c. 1 |
||
| 999 |
_c15983 _d15983 |
||